Global Political Economy. (Record no. 571)

MARC details
005 - DATE AND TIME OF LATEST TRANSACTION
control field 20250313150228.0
020 ## - INTERNATIONAL STANDARD BOOK NUMBER
International Standard Book Number 978-1-137-28736-6
082 ## - DEWEY DECIMAL CLASSIFICATION NUMBER
Classification number 337 O'BR
100 ## - MAIN ENTRY--PERSONAL NAME
Author name O'BRIEN,R.
245 ## - TITLE STATEMENT
Title Global Political Economy.
250 ## - EDITION STATEMENT
Edition statement 4thEd.
260 ## - PUBLICATION, DISTRIBUTION, ETC.
Place of publication, distribution, etc. New York,
Name of publisher, distributor, etc. Palgrave Macmillan,
Date of publication, distribution, etc. 2013.
300 ## - PHYSICAL DESCRIPTION
Extent xv,340p.:Ill.;figure,table.
Other physical details References , Index.
Dimensions 24cm.
700 ## - ADDED ENTRY--PERSONAL NAME
Other authors/Editors MARC,WILLIAMS.
942 ## - ADDED ENTRY ELEMENTS (KOHA)
Source of classification or shelving scheme Dewey Decimal Classification
Koha item type Books
Holdings
Date last seen Total checkouts Full call number Barcode Cost, replacement price Price effective from Koha item type Lost status Source of classification or shelving scheme Damaged status Not for loan Withdrawn status Home library Current library Shelving location Date acquired Cost, normal purchase price
03/13/2025   337 O'BR 0000002270 73500.00 03/13/2025 Books   Dewey Decimal Classification       College of Business Education Main Library College of Business Education Main Library General Collection 03/13/2025 24500.00